Provinces of Belgium (Flanders) - Statistics

General Stats
  • This quiz has been taken 25 times
  • The average score is 4 of 5
Answer Stats
Picture Answer % Correct
Antwerp
100%
Limburg
85%
East Flanders
80%
West Flanders
80%
Flemish Brabant
70%
No matching quizzes found
Score Distribution
Percent of People with Each Score
Percentile by Number Answered
Your Score History
You have not taken this quiz